Central Library OPAC University of Rajshahi

The poems of Robert Herrick / (Record no. 18963)

MARC details
000 -LEADER
fixed length control field 01069nam a2200313 a 4500
001 - CONTROL NUMBER
control field 18963
003 - CONTROL NUMBER IDENTIFIER
rucl marc code BD-RjUL
005 - DATE AND TIME OF LATEST TRANSACTION
control field 20211209000350.0
008 - FIXED-LENGTH DATA ELEMENTS--GENERAL INFORMATION
fixed length control field 140222s19511902enk 001 0 eng
035 ## - SYSTEM CONTROL NUMBER
System control number (BD-RjUL)19021
040 ## - CATALOGING SOURCE
Original cataloging agency DLC
Transcribing agency DLC
Language of cataloging eng
041 ## - LANGUAGE CODE
Language code of text/sound track or separate title eng
051 ## - LIBRARY OF CONGRESS COPY, ISSUE, OFFPRINT STATEMENT
Classification number PR3510.A5
Item number M6 1935 Copy 2
Copy information Copy 2. Signed by Bruce Rogers, in dust jacket and slipcase.
Classification number PR3510.A5
Item number M6 1935 Copy 3
Copy information Copy 3. Bruce Rogers's copy, with proof pages and 3 prospectuses laid in.
082 ## - DEWEY DECIMAL CLASSIFICATION NUMBER
Classification number 821.4
Author mark and year HEP 1951
100 1# - MAIN ENTRY--PERSONAL NAME
Personal name Herrick, Robert,
Dates associated with a name 1591-1674.
9 (RLIN) 58468
245 14 - TITLE STATEMENT
Title The poems of Robert Herrick /
Statement of responsibility, etc. Robert Herrick
260 ## - PUBLICATION, DISTRIBUTION, ETC. (IMPRINT)
Place of publication, distribution, etc. London :
Name of publisher, distributor, etc. H. Milford;
-- Oxford Univ. Press,
Date of publication, distribution, etc. 1902, [reprinted 1951,1960]
300 ## - PHYSICAL DESCRIPTION
Pagination 486 p. ;
Size 19 cm.
490 ## - SERIES STATEMENT
Volume/sequential designation 16.
500 ## - GENERAL NOTE
General note Designed by Bruce Rogers.
General note Includes index.
700 1# - ADDED ENTRY--PERSONAL NAME
Personal name Rogers, Bruce,
Dates associated with a name 1870-1957,
830 ## - SERIES ADDED ENTRY--UNIFORM TITLE
Uniform title World's classics,
Volume number/sequential designation 16.
942 ## - ADDED ENTRY ELEMENTS (KOHA)
Source of classification or shelving scheme Dewey Decimal Classification
Koha item type Books
Holdings
Lost status Source of classification or shelving scheme Damaged status Not for loan Collection code Permanent Location Current Location Shelving location Date acquired Source of acquisition Cost, normal purchase price Total Checkouts Full call number Date last seen Copy number Koha item type
  Dewey Decimal Classification   Not For Loan Non-fiction Central Library, University of Rajshahi Central Library, University of Rajshahi Reading Room 17/01/1955 O.U.P. 6.60   821.4 HEP 1951 22/02/2014 C-1 Books
  Dewey Decimal Classification     Non-fiction Central Library, University of Rajshahi Central Library, University of Rajshahi   09/05/1974 Oxford University Press 12.10   821.4 HEP 1960 23/02/2014 C-4 Books
  Dewey Decimal Classification     Non-fiction Central Library, University of Rajshahi Central Library, University of Rajshahi   03/02/1973 Oxford University Press 10.45   821.4 HEP 1960 09/03/2020 C-2 Books
  Dewey Decimal Classification     Non-fiction Central Library, University of Rajshahi Central Library, University of Rajshahi   19/01/1955 Oxford University Press 3.60   821.4 HEP 1951 09/03/2020 C-3 Books
  Dewey Decimal Classification     Non-fiction Central Library, University of Rajshahi Central Library, University of Rajshahi   21/10/1954 Oxford University Press 3.60   821.4 HEP 1951 09/03/2020 C-5 Books